00677cam a22002291a 450000100060000000300080000600500170001400800390003102000150007003500190008503500120010404000290011604100080014508200150015310000210016824500550018926000420024430000530028650400310033960000660037065000110043621266BD-RjUL20211209000651.0140304s1968 enkacf b 000 0 eng a0710062001 a(BD-RjUL)21330 a1022932 aLCbengcLCdLCdBD-RjUL aeng00a821.6bDEP1 aDearnley, Moira.14aThe poetry of Christopher Smart /cMoira, Dearnley aLondon :bRoutledge & K. Paul,c1968. axxx, 332 p. :b4 plates, illus., port. ;c23 cm. aBibliographical footnotes.10aSmart, Christopher,d1722-1771xCriticism and interpretation. aPoetry